000 00633nam a2200229Ia 4500
003 OSt
005 20220926033851.0
006 a|||||r|||| 00| 0
007 ta
008 220923b |||||||| |||| 00| 0 eng d
037 _cGeneral Book
040 _aRTL
_cRTL
_beng
041 _2eng
_aeng
082 _aQ4:33y7C563, L5
100 _aBrewster E H
_9339641
245 0 _aLife of Gotama
_b The buddha
260 _aVaranasi
_bBhartiya publishing India
_c1975
300 _axviii,243p.
_ccm.
650 _aBuddhism
942 _hQ4:33y7C563, L5
_cGB
_2CC
999 _c658131
_d658131